Đổi mới phương pháp dạy và học môn lịch sử Đảng trong các trường đại học và cao đẳng /

Đã lưu trong:
Sonraí Bibleagrafaíochta
Príomhúdar: Kiều Xuân Bá, GS.
Formáid: Bài viết
Teanga:Vietnamese
Ábhair:
Clibeanna: Cuir Clib Leis
Gan Chlibeanna, Bí ar an gcéad duine leis an taifead seo a chlibeáil!
Thư viện lưu trữ: Thư viện Trường Đại học Đà Lạt
LEADER 00891nam a2200277 4500
001 DLU090077885
005 ##20090220
040 # # |a DLU  |b vie 
041 # # |a vie 
044 # # |a vn 
100 # # |a Kiều Xuân Bá,  |c GS. 
245 # # |a Đổi mới phương pháp dạy và học môn lịch sử Đảng trong các trường đại học và cao đẳng /  |c Kiều Xuân Bá. 
653 # # |a Đổi mới 
653 # # |a Môn lịch sử đảng 
653 # # |a Phương pháp dạy và học 
653 # # |a Trường đại học và cao đẳng 
773 # # |t Lịch sử Đảng  |g Số 5 (90), 1998, tr. 55-60 
920 # # |a Phòng Tạp chí -- Trung tâm Thông tin - Thư viện Trường Đại học Đà Lạt 
994 # # |a DLU 
900 # # |a True 
911 # # |a Nguyễn Thị Tưởng 
925 # # |a G 
926 # # |a A 
927 # # |a BB 
980 # # |a Thư viện Trường Đại học Đà Lạt